[Event "GER-chT U10"]
[Site "Magdeburg"]
[Date "2013.12.27"]
[Round "1.2"]
[White "Dittrich, Julius"]
[Black "Kostanyan, Hakob"]
[Result "1-0"]
[WhiteElo "905"]
[BlackElo "885"]
[PlyCount "113"]
[EventDate "2013.12.27"]
[EventType "team-swiss"]
[EventRounds "5"]
[EventCountry "GER"]
[SourceTitle "EXT 2015"]
[Source "ChessBase"]
[SourceDate "2014.11.20"]
[SourceVersion "1"]
[SourceVersionDate "2014.11.20"]
[SourceQuality "1"]
[WhiteTeam "Breitenworbis"]
[BlackTeam "Berlin Schachpinguine"]
[WhiteTeamCountry "GER"]
[BlackTeamCountry "GER"]

1. e4 e5 2. Nf3 Nc6 3. Nc3 Nf6 4. d4 exd4 5. Nxd4 Bc5 6. Nxc6 bxc6 7. Bg5 d6 8. Bc4 Bxf2+ 9. Kxf2 Ng4+ 10. Qxg4 Bxg4 11. Bxd8 Rxd8 12. Rad1 0-0 13. Rhf1 Rde8 14. h3 Bd7 15. Kg1 g6 16. Rf3 d5 17. Bd3 f5 18. Rdf1 d4 19. Bc4+ Kg7 20. Ne2 c5 21. exf5 gxf5 22. Rg3+ Kf6 23. Nf4 c6 24. Nh5+ Ke7 25. Rg7+ Kd8 26. Rxh7 a5 27. Rf3 Re5 28. Rg3 f4 29. Rgg7 Bf5 30. Rh6 Bd7 31. Rd6 Re7 32. Rxe7 Kxe7 33. Rg6 Kd8 34. Ng7 Kc8 35. Ba6+ Kc7 36. Ne6+ Bxe6 37. Rxe6 f3 38. gxf3 Rxf3 39. Re7+ Kd6 40. Kg2 Rf6 41. Rh7 Rg6+ 42. Kh2 Re6 43. h4 Kd5 44. h5 c4 45. h6 Re2+ 46. Kg3 Re6 47. Rd7+ Kc5 48. h7 Rh6 49. Bb7 a4 50. Kg4 Rg6+ 51. Kh5 Rg2 52. Kh6 a3 53. bxa3 d3 54. c3 d2 55. h8Q Rh2+ 56. Kg7 Rxh8 57. Kxh8 1-0

[Event "GER-chT U10"]
[Site "Magdeburg"]
[Date "2012.12.28"]
[Round "3.3"]
[White "Schneider, Daniel3"]
[Black "Dittrich, Julius"]
[Result "1/2-1/2"]
[WhiteElo "736"]
[BlackElo "681"]
[PlyCount "135"]
[EventDate "2012.12.27"]
[EventType "team-swiss"]
[EventRounds "7"]
[EventCountry "GER"]
[SourceTitle "EXT 2014"]
[Source "ChessBase"]
[SourceDate "2013.11.20"]
[SourceVersion "1"]
[SourceVersionDate "2013.11.20"]
[SourceQuality "1"]
[WhiteTeam "Berghofen Hoerde"]
[BlackTeam "Breitenworbis II"]
[WhiteTeamCountry "GER"]
[BlackTeamCountry "GER"]

1. e4 e5 2. Nf3 Nc6 3. Bc4 Nf6 4. Ng5 d5 5. exd5 Nxd5 6. Nc3 Be6 7. Nxe6 fxe6 8. Bb5 Nxc3 9. dxc3 Qxd1+ 10. Kxd1 Rd8+ 11. Ke1 Rd6 12. Bxc6+ Rxc6 13. Be3 b6 14. Rd1 Bc5 15. Bxc5 Rxc5 16. b4 Rd5 17. g3 Rxd1+ 18. Kxd1 0-0 19. Rf1 Rd8+ 20. Kc1 Rc8 21. Re1 c5 22. Rxe5 cxb4 23. cxb4 Rc4 24. b5 Kf7 25. Rh5 h6 26. Kd2 Ra4 27. Rh4 Rxa2 28. Rf4+ Kg8 29. Rh4 Rb2 30. Rh5 Kh7 31. Re5 Rb1 32. f4 Rh1 33. h4 Rg1 34. Rxe6 Rxg3 35. Re7 a5 36. bxa6 Rg2+ 37. Re2 Rg1 38. Re6 Rg2+ 39. Ke1 Rg1+ 40. Kf2 Rc1 41. Rxb6 Rxc2+ 42. Ke1 Rc1+ 43. Kd2 Ra1 44. Kc2 Ra2+ 45. Kb1 Ra4 46. Kb2 g6 47. Kb3 Ra1 48. Kc4 g5 49. fxg5 hxg5 50. hxg5 Rc1+ 51. Kd5 Rd1+ 52. Kc6 Rc1+ 53. Kb7 Re1 54. a7 Re7+ 55. Ka6 Re8 56. Rb8 Re6+ 57. Kb7 Re7+ 58. Kc8 Rxa7 59. Rb6 Ra8+ 60. Kb7 Ra5 61. g6+ Kg7 62. Kc8 Rg5 63. Rb7+ Kxg6 64. Kd7 Rf5 65. Ke8 Re5+ 66. Kd8 Rd5+ 67. Kc7 Rc5+ 68. Kb8 1/2-1/2